<?xml version="1.0" encoding="UTF-8"?>
<collection xmlns="http://www.loc.gov/MARC21/slim">
<record>
  <controlfield tag="001">167448</controlfield>
  <controlfield tag="005">20260121151437.0</controlfield>
  <datafield tag="037" ind1=" " ind2=" ">
    <subfield code="a">TAZ-TFG-2025-590</subfield>
  </datafield>
  <datafield tag="041" ind1=" " ind2=" ">
    <subfield code="a">spa</subfield>
  </datafield>
  <datafield tag="100" ind1="1" ind2=" ">
    <subfield code="a">Ferraz Arellano, Maria Camino</subfield>
  </datafield>
  <datafield tag="242" ind1="0" ind2="0">
    <subfield code="a">Interventions to Improve PrEP Adherence Among Young African Women: A Bibliographic Review</subfield>
  </datafield>
  <datafield tag="245" ind1="0" ind2="0">
    <subfield code="a">Intervenciones para mejorar la adherencia a la PrEP en mujeres jóvenes africanas: una revisión bibliográfica</subfield>
  </datafield>
  <datafield tag="260" ind1=" " ind2=" ">
    <subfield code="a">Zaragoza</subfield>
    <subfield code="b">Universidad de Zaragoza</subfield>
    <subfield code="c">2025</subfield>
  </datafield>
  <datafield tag="506" ind1=" " ind2=" ">
    <subfield code="a">by-nc-sa</subfield>
    <subfield code="b">Creative Commons</subfield>
    <subfield code="c">3.0</subfield>
    <subfield code="u">http://creativecommons.org/licenses/by-nc-sa/3.0/</subfield>
  </datafield>
  <datafield tag="520" ind1=" " ind2=" ">
    <subfield code="a">Introducción: La profilaxis preexposición (PrEP) es una estrategia farmacológica efectiva para prevenir el VIH en personas seronegativas con alto riesgo de infección. Las adolescentes y mujeres jóvenes africanas constituyen una población especialmente vulnerable, que enfrenta numerosas barreras para mantener una adherencia sostenida al tratamiento.&lt;br />Objetivo: Analizar las intervenciones sanitarias, educativas y sociales que promueven la adherencia a la PrEP en mujeres jóvenes africanas entre 15 y 24 años, así como identificar las principales barreras que afectan su implementación.&lt;br />Metodología: Se realizó una revisión bibliográfica en las bases de datos PubMed, Web of Science y ScienceDirect, abarcando estudios publicados entre 2020 y 2025. Se seleccionaron aquellos que evaluaban intervenciones específicas dirigidas a esta población. La calidad metodológica de los estudios incluidos fue evaluada mediante las herramientas del Joanna Briggs Institute (JBI).&lt;br />Resultados: Se incluyeron cinco estudios que abordaron diversas estrategias, entre ellas, retroalimentación farmacológica basada en biomarcadores, asesoramiento personalizado, incentivos económicos, clubes de apoyo y recordatorios móviles. Aunque algunas intervenciones mostraron eficacia a corto plazo, la adherencia tendió a disminuir con el tiempo. La percepción de riesgo, el estigma, y las limitaciones impuestas por la pandemia fueron factores determinantes en la continuidad del tratamiento.&lt;br />Conclusión: Mejorar la adherencia a la PrEP en mujeres jóvenes africanas continúa siendo un desafío complejo. Resulta imprescindible implementar enfoques integrales que articulen diferentes tipos de estrategias adaptadas a las realidades socioculturales de esta población. Solo así será posible garantizar intervenciones sostenibles y efectivas que fortalezcan los resultados en la prevención del VIH.&lt;br />Palabras clave: VIH, PrEP, adherencia, mujeres jóvenes africanas, intervenciones, prevención&lt;br />&lt;br /></subfield>
  </datafield>
  <datafield tag="521" ind1=" " ind2=" ">
    <subfield code="a">Graduado en Enfermería</subfield>
  </datafield>
  <datafield tag="540" ind1=" " ind2=" ">
    <subfield code="a">Derechos regulados por licencia Creative Commons</subfield>
  </datafield>
  <datafield tag="856" ind1="0" ind2=" ">
    <subfield code="f">838743@celes.unizar.es</subfield>
  </datafield>
  <datafield tag="856" ind1="4" ind2=" ">
    <subfield code="s">1609223</subfield>
    <subfield code="u">http://zaguan.unizar.es/record/167448/files/TAZ-TFG-2025-590.pdf</subfield>
    <subfield code="y">Memoria (spa)</subfield>
  </datafield>
  <datafield tag="909" ind1="C" ind2="O">
    <subfield code="o">oai:zaguan.unizar.es:167448</subfield>
    <subfield code="p">driver</subfield>
    <subfield code="p">trabajos-fin-grado</subfield>
  </datafield>
  <datafield tag="950" ind1=" " ind2=" ">
    <subfield code="a"></subfield>
  </datafield>
  <datafield tag="691" ind1=" " ind2=" ">
    <subfield code="a">0</subfield>
  </datafield>
  <datafield tag="692" ind1=" " ind2=" ">
    <subfield code="a"></subfield>
  </datafield>
  <datafield tag="700" ind1=" " ind2=" ">
    <subfield code="a">Blázquez Ornat, Isabel Rosario</subfield>
    <subfield code="e">dir.</subfield>
  </datafield>
  <datafield tag="710" ind1="2" ind2=" ">
    <subfield code="a">Universidad de Zaragoza</subfield>
    <subfield code="b">Fisiatría y Enfermería</subfield>
    <subfield code="c">Enfermería</subfield>
  </datafield>
  <datafield tag="980" ind1=" " ind2=" ">
    <subfield code="a">TAZ</subfield>
    <subfield code="b">TFG</subfield>
    <subfield code="c">EUCS</subfield>
  </datafield>
  <datafield tag="999" ind1=" " ind2=" ">
    <subfield code="a">20250511185316.CREATION_DATE</subfield>
  </datafield>
  <datafield tag="951" ind1=" " ind2=" ">
    <subfield code="a">deposita:2026-01-21</subfield>
  </datafield>
</record>
</collection>